Discurso leído en la solemne inauguración del curso académico de 1880 a 1881 en la Universidad Literaria de Zaragoza (Record no. 41417)

MARC details
000 -LEADER
campo de control de longitud fija 00775nam a2200181 i 4500
001 - NÚMERO DE CONTROL
campo de control 41417
003 - IDENTIFICADOR DE NÚMERO DE CONTROL
campo de control ES-MaACL
005 - FECHA Y HORA DE LA ÚLTIMA TRANSACCIÓN
campo de control 20230906160428.0
007 - CAMPO FIJO DE DESCRIPCIÓN FÍSICA--INFORMACIÓN GENERAL
campo de control de longitud fija t|
008 - DATOS DE LONGITUD FIJA--INFORMACIÓN GENERAL
campo de control de longitud fija 030310s1947 sp ||||1| spa d
100 1# - ENTRADA PRINCIPAL--NOMBRE DE PERSONA
Nombre de persona Casajús y Gómez del Moral, Roberto.
9 (RLIN) 36042
245 10 - MENCIÓN DEL TÍTULO
Título Discurso leído en la solemne inauguración del curso académico de 1880 a 1881 en la Universidad Literaria de Zaragoza
Resto del título : Tema : El derecho de familia en la legislación aragonesa /
Mención de responsabilidad, etc. por Roberto Casajús y Gómez del Moral ; prólogo Juan Moneva y Puyol.
260 ## - PUBLICACIÓN, DISTRIBUCIÓN, ETC.
Lugar de publicación, distribución, etc. Zaragoza :
Nombre del editor, distribuidor, etc. Librería General,
Fecha de publicación, distribución, etc. 1947.
300 ## - DESCRIPCIÓN FÍSICA
Extensión 115 p. ;
Dimensiones 28 cm.
700 1# - ENTRADA AGREGADA--NOMBRE PERSONAL
Nombre de persona Moneva y Puyol, Juan.
9 (RLIN) 82179
740 3# - ENTRADA AGREGADA--TÍTULO RELACIONADO/ANALÍTICO NO CONTROLADO
Título relacionado o analítico no controlado El derecho de familia en la legislación aragonesa.
852 ## - LOCALIZACIÓN
Ubicación ES-MaACL
Número de control de estantería 1879-F-11
Sublocalización o colección R.25509
Holdings
Estatus retirado Estado de pérdida Estado de daño No para préstamo Colección Biblioteca de origen Biblioteca actual Ubicación en estantería Fecha de adquisición Fuente de adquisición Total de préstamos Signatura topográfica completa Código de barras Visto por última vez Precio de reemplazo Tipo de ítem Koha
        Colección de folletos Biblioteca del Ateneo de Madrid Biblioteca del Ateneo de Madrid Depósito folletos 17/01/2008     1879-F-11 1043602 23/02/2023 23/02/2023 Folleto